2008 Movies by Screenshot - Statistics

General Stats
  • This quiz has been taken 1,099 times
  • The average score is 11 of 16
Answer Stats
Picture Answer % Correct
The Incredible Hulk
99%
Iron Man
98%
Kung Fu Panda
97%
Madagascar: Escape 2 Africa
96%
The Dark Knight
96%
WALL-E
96%
Indiana Jones and the Kingdom of the Crystal Skull
92%
Twilight
87%
Quantum of Solace
78%
Mamma Mia!
69%
Slumdog Millionaire
58%
The Chronicles of Narnia: Prince Caspian
52%
Hancock
39%
Pineapple Express
30%
Tropic Thunder
27%
Cloverfield
15%
No matching quizzes found
Score Distribution
Percent of People with Each Score
Percentile by Number Answered
Your Score History
You have not taken this quiz